Catálogo
 En Linea

The Parlour Rebellion : (Registro nro. 17753)

Detalles MARC
000 -CABECERA
campo de control de longitud fija 00739nam a2200217 i 4500
001 - NÚMERO DE CONTROL
campo de control 000018232
005 - FECHA Y HORA DE LA ÚLTIMA TRANSACCIÓN
campo de control 20200929165419.0
008 - DATOS DE LONGITUD FIJA--INFORMACIÓN GENERAL
campo de control de longitud fija 760910s1975 oncc b 000 0 eng
020 ## - NÚMERO INTERNACIONAL ESTÁNDAR DEL LIBRO
Número Internacional Estándar del Libro 0771010966 :
040 ## - FUENTE DE LA CATALOGACIÓN
Centro catalogador/agencia de origen DO-SdBNP
Centro/agencia transcriptor DLC
Centro/agencia modificador DLC
-- BNPHU
082 ## - NÚMERO DE LA CLASIFICACIÓN DECIMAL DEWEY
Número de clasificación 301.4120922
Número de documento/Ítem B319p
049 ## - FONDOS LOCALES (OCLC)
Fondos de biblioteca BNGR
100 1# - ENTRADA PRINCIPAL--NOMBRE DE PERSONA
Nombre de persona Bassett, Isabel.
9 (RLIN) 39478
245 14 - MENCIÓN DE TÍTULO
Título The Parlour Rebellion :
Resto del título profiles in the struggle for women's rights /
Mención de responsabilidad, etc. Isabel Bassett.
260 ## - PUBLICACIÓN, DISTRIBUCIÓN, ETC.
Lugar de publicación, distribución, etc. Toronto :
Nombre del editor, distribuidor, etc. McClelland and Stewart,
Fecha de publicación, distribución, etc. 1975.
300 ## - DESCRIPCIÓN FÍSICA
Extensión 223 p. :
Otras características físicas retrs. ;
Dimensiones 23 cm.
504 ## - NOTA DE BIBLIOGRAFÍA, ETC.
Nota de bibliografía, etc. Incluye bibliografía p. 219-223.
650 #0 - PUNTO DE ACCESO ADICIONAL DE MATERIA--TÉRMINO DE MATERIA
Término de materia o nombre geográfico como elemento de entrada Feminismo
Subdivisión geográfica Canada
Subdivisión general Historia
9 (RLIN) 39479
650 #0 - PUNTO DE ACCESO ADICIONAL DE MATERIA--TÉRMINO DE MATERIA
Término de materia o nombre geográfico como elemento de entrada Derechos de la mujer
Subdivisión geográfica Canada
Subdivisión general Historia
9 (RLIN) 39480
910 ## - DATOS DE OPCIÓN DEL USUARIO (OCLC)
Datos de opción del usuario Catalogación por copia / LC
Existencias
Estado de retiro Estado de pérdida Restricciones de uso No para préstamo Código de colección Localización permanente Ubicación/localización actual Ubicación en estantería Fecha de adquisición Número de inventario Total de préstamos Signatura topográfica completa Código de barras Fecha visto por última vez Precio válido a partir de Tipo de ítem Koha
      Excluido de préstamo Monografías: Libros y Folletos General General En catalogación 21.04.2010 LF1   301.4120922 B319p 18232-10 25.06.2020 25.06.2020 No se presta

Con tecnología Koha